| 000 | 00665nam a22002177a 4500 | ||
|---|---|---|---|
| 003 | DO-SdBNP | ||
| 005 | 20171129153432.0 | ||
| 008 | 171116b 1988||| |||| 00| 0 spa d | ||
| 020 | _a9653330012 | ||
| 040 |
_aBPMSU _bspa _cBPMSU |
||
| 082 |
_axxxxxxx _bxxxxxxx |
||
| 100 | 1 |
_aMotlis, Jaime, _d1962- |
|
| 245 | 1 | 3 |
_aLa vejez y sus múltiples caras / _cJaime Motlis ; prólogo Jiménez Herrero, Fernando |
| 250 | _a2a ed. | ||
| 260 |
_aIsrael : _bAurora, _c1988. |
||
| 504 | _aBibliografía : p. 259-266 | ||
| 700 | 1 |
_aJiménez Herrero, Fernando, _epról. |
|
| 942 |
_2ddc _cBK |
||
| 945 | _aInventariado extranjero / 2017 YL | ||
| 956 |
_aBTAVAREZ _b10 _c20171116 _d0038 |
||
| 999 |
_c12914 _d12914 |
||